| 000 | 00423nam a2200157 a 4500 | ||
|---|---|---|---|
| 001 | 000005600 | ||
| 005 | 20200929151724.0 | ||
| 008 | 090820s1971 dr 000 0 spa d | ||
| 040 | _aDO-SdBNP | ||
| 082 | _bW644e | ||
| 100 | 1 |
_aWindt, César de _915809 |
|
| 245 | 1 | 0 |
_aÉtica y cortesía militar / _cCésar de Windt. |
| 260 |
_aSanto Domingo : _bLibrería Dominicana, _c1971. |
||
| 300 |
_a342 p. ; _c21 cm. |
||
| 049 | _aBNPD | ||
| 999 |
_c5399 _d5399 |
||